The Chicken Cookbook (Record no. 550073)

000 -LEADER
fixed length control field 00362nam a22001337a 4500
082 ## - DEWEY DECIMAL CLASSIFICATION NUMBER
Classification number 598.617
Author Mark FER
-- N-01, P-42
100 ## - MAIN ENTRY--PERSONAL NAME
Personal name Judith Ferguson
9 (RLIN) 46812
245 ## - TITLE STATEMENT
Title The Chicken Cookbook
Statement of responsibility, etc. Judith Ferguson
260 ## - PUBLICATION, DISTRIBUTION, ETC.
Place of publication, distribution, etc. London
Name of publisher, distributor, etc. Tiger Book International
300 ## - PHYSICAL DESCRIPTION
Extent 64 P, :
526 ## - STUDY PROGRAM INFORMATION NOTE
Program name 0
Interest level 0
Reading level 0
Title point value 598_617000000000000_FER
650 ## - SUBJECT ADDED ENTRY--TOPICAL TERM
Topical term or geographic name entry element MCE
9 (RLIN) 379
942 ## - ADDED ENTRY ELEMENTS (KOHA)
Source of classification or shelving scheme
Koha item type Book
Holdings
Withdrawn status Lost status Source of classification or shelving scheme Damaged status Not for loan Permanent Location Current Location Date acquired Total Checkouts Full call number Barcode Date last seen Price effective from Koha item type
          Military College of Engineering (MCE) Military College of Engineering (MCE) 10/23/2014   598.617 FER MCE-44419 10/23/2014 10/23/2014 Book
© 2023 Central Library, National University of Sciences and Technology. All Rights Reserved.